000 01934cam a22004934i 4500
003 PE-LiUPU
005 20250731184538.0
008 150623s r 000 0 d
020 _a0197270077
035 _a(Sirsi) i9780197270073
040 _aPE-LiUPU
_bspa
_cPE-LiUPU
_erda
049 _aPRUA
082 0 4 _a956.94
_bB38
_221
100 1 _aBennett, Cristal-M,
_eautor.
245 1 0 _aExcavations at Tawilan in southern Jordan /
_cCristal-M. Bennett.
264 1 _aGreat Britain :
_bThe British Intitute at Amman for Archaeology and History by Oxford University Press,
_c1995.
300 _a346 páginas :
_bilustraciones, fotos, gráficos ;
_c30 centímetros
336 _atext
_2rdacontent
337 _aunmediated
_2rdamedia
338 _avolume
_2rdacarrier
490 0 _aBritish Academic Monographs in Archaeology ;
_v8
504 _aIncluye bibliografía.
505 0 _aThe site and its exploration Piotr Bienkowski. -Area I, II, III, IV, V, VII. -The Pottery Stephen Hart. -The cuneiform tablet Sthephanie Dalley. -The gold Jewellery Jack Ogden. -The small finds. -Marine invertebrates and fossils. -The animal bones Ilse Kohler-Rollefson.
526 _aP136
526 _aP135
526 _aP134
526 _aP133
526 _aP144
526 _aP143
526 _aP87
526 _aP35
526 _aP20
526 _aP14
526 _aP10
526 _aP06
650 0 4 _aExcavaciones (Arqueología)
_zJordán-Tawlan.
700 1 _aBienkowski, Piotr.
942 _2ddc
_cBOOK
949 _a956.94 B38
_wDEWEY
_c1
_i49451
_lCCODEBUL1
_mBUL
_r0
_sY
_tBOOK
_u2015-6-24
_xTEOLOGIA
_PP35
_0COMPRA
_o.STAFF. Colección General
994 _aC0
_bPEPRU
596 _a1
999 _a956.94 B38
_wDEWEY
_c29881
_i49451
_d29881
_e2019-9-23
_f2021-11-12
_g5
_lCCODEBUL1
_mBUL
_n6
_q1
_r0
_sY
_tBOOK
_u2015-6-24
_xTEOLOGIA
_PP35
_0COMPRA
_o.STAFF. Colección General
980 _81
_gALBERTO SANCHEZ Responsable de Automatización